Regulation and promotion of pacific shipping
Guardado en:
| Autor principal: | |
|---|---|
| Formato: | Libro |
| Lenguaje: | Undetermined |
| Publicado: |
U.S.A.
Stanford University Press
1933
|
| Materias: | |
| Etiquetas: |
Agregar Etiqueta
Sin Etiquetas, Sea el primero en etiquetar este registro!
|
| Thư viện lưu trữ: | Trung tâm Học liệu Trường Đại học Cần Thơ |
|---|
| LEADER | 00524nam a2200193Ia 4500 | ||
|---|---|---|---|
| 001 | CTU_96689 | ||
| 008 | 210402s9999 xx 000 0 und d | ||
| 082 | |a 338.476 | ||
| 082 | |b M483 | ||
| 100 | |a Mears, Eliot Grinnell | ||
| 245 | 0 | |a Regulation and promotion of pacific shipping | |
| 245 | 0 | |c Eliot Grinnell Mears | |
| 260 | |a U.S.A. | ||
| 260 | |b Stanford University Press | ||
| 260 | |c 1933 | ||
| 650 | |a Shipbuilding | ||
| 650 | |z Japan | ||
| 904 | |i Giang | ||
| 980 | |a Trung tâm Học liệu Trường Đại học Cần Thơ | ||